Quick Pick: Mayors of European Capitals Quiz Stats

 Plays Quiz not verified by Sporcle

Challenge
Share
Tweet
Embed
Score 0/10 Timer 01:00
0 Plays Today
% Correct
Kiev
86.2%
Reykjavik
84.5%
Helsinki
84.5%
Budapest
77.6%
Brussels
75.9%
Ljubljana
74.1%
Lisbon
74.1%
Skopje
74.1%
Andorra la Vella
70.7%
Sofia
63.8%

You're not logged in!

Compare scores with friends on all Sporcle quizzes.
OR
Log In

You Might Also Like...

Show Comments

Extras

Top Quizzes Today


Score Distribution

Your Account Isn't Verified!

In order to create a playlist on Sporcle, you need to verify the email address you used during registration. Go to your Sporcle Settings to finish the process.

Report this User

Report this user for behavior that violates our Community Guidelines.

Details: